[Event "60th ch-RUS Superfinal"]
[Site "Moscow RUS"]
[Date "2007.12.18"]
[Round "1"]
[White "Vitiugov,N"]
[Black "Tomashevsky,E"]
[Result "0-1"]
[WhiteElo "2594"]
[BlackElo "2646"]
[EventDate "2007.12.18"]

1. d4 Nf6 2. c4 e6 3. Nc3 Bb4 4. g3 d6 5. Bg2 Nbd7 6. Qc2 e5 7. Nf3 O-O 8.
O-O Re8 9. Rd1 c6 10. Bg5 Bxc3 11. Qxc3 e4 12. Ne1 h6 13. Bf4 Nf8 14. Nc2
Ng6 15. Be3 d5 16. b3 Be6 17. h3 Qd7 18. Kh2 h5 19. Bg5 Nh7 20. Bd2 f5 21.
Rac1 Rf8 22. cxd5 cxd5 23. Bf4 Rac8 24. Qd2 Nxf4 25. gxf4 Qe7 26. e3 g5 27.
Rg1 Kh8 28. Bf1 Rg8 29. Be2 h4 30. a4 Rg7 31. Nb4 Rcg8 32. a5 a6 33. Na2
Qd8 34. b4 Qd6 35. Kh1 gxf4 36. exf4 Nf8 37. Bh5 Bd7 38. Rxg7 Rxg7 39. Nc3
Ne6 40. Ne2 Bb5 41. Rc8+ Kh7 42. Nc3 Nxf4 43. Nxb5 axb5 0-1

[Event "60th ch-RUS Superfinal"]
[Site "Moscow RUS"]
[Date "2007.12.20"]
[Round "3"]
[White "Vitiugov,N"]
[Black "Sakaev,K"]
[Result "1/2-1/2"]
[WhiteElo "2594"]
[BlackElo "2634"]
[EventDate "2007.12.18"]

1. d4 d5 2. Nf3 Nf6 3. c4 c6 4. Nc3 dxc4 5. a4 Bf5 6. Ne5 Nbd7 7. Nxc4 Qc7
8. g3 e5 9. dxe5 Nxe5 10. Bf4 Nfd7 11. Bg2 g5 12. Bxe5 Nxe5 13. Qd4 f6 14.
Ne3 Be6 15. a5 a6 16. O-O Rd8 17. Qa4 Nd7 18. Qc2 Bc5 19. Nf5 O-O 20. Be4
Kh8 21. e3 Rfe8 22. Rfd1 Bf8 23. Nd4 Bg8 24. Bg2 Re5 25. Qa4 Nc5 26. Qc2
Nd7 27. Qa4 Nc5 28. Qc2 Nd7 1/2-1/2

[Event "60th ch-RUS Superfinal"]
[Site "Moscow RUS"]
[Date "2007.12.23"]
[Round "5"]
[White "Amonatov,F"]
[Black "Rychagov,A"]
[Result "1/2-1/2"]
[WhiteElo "2637"]
[BlackElo "2528"]
[EventDate "2007.12.18"]

1. e4 e6 2. d4 d5 3. Nd2 c5 4. exd5 exd5 5. Ngf3 Nc6 6. Bb5 Bd6 7. dxc5
Bxc5 8. O-O Nge7 9. Nb3 Bd6 10. Re1 O-O 11. Bd3 h6 12. h3 Bf5 13. Be3 Re8
14. Bd4 Qc7 15. c3 Bxd3 16. Qxd3 Ng6 17. Be3 Rad8 18. Nbd4 Nxd4 19. Qxd4 a6
20. Rad1 Re4 21. Qb6 Qe7 22. Kf1 Bb8 23. Bg5 Rd6 24. Bxe7 Rxb6 25. Ba3
Rxe1+ 26. Nxe1 Bd6 27. Bxd6 Rxd6 28. Nd3 Rb6 29. Rd2 Kf8 30. Ke1 Ke8 31. g3
a5 32. h4 h5 33. Re2+ Kd7 34. b3 Rf6 35. b4 axb4 36. cxb4 b6 37. a4 Rc6 38.
Ne5+ Nxe5 39. Rxe5 Kd6 40. Rxh5 g6 41. Rh8 Rc4 42. h5 gxh5 43. Rh6+ Kc7 44.
Rxh5 Rxb4 45. Rxd5 Rxa4 46. Rf5 Re4+ 47. Kd2 Re7 48. Rf6 Kb7 49. f4 Ka6 50.
g4 Ka5 51. g5 b5 52. f5 b4 53. g6 fxg6 54. fxg6 Ka4 55. Rf7 Re6 56. g7 Rg6
57. Kc2 Rg2+ 58. Kb1 Ka3 59. Rf3+ 1/2-1/2

[Event "60th ch-RUS Superfinal"]
[Site "Moscow RUS"]
[Date "2007.12.23"]
[Round "5"]
[White "Tomashevsky,E"]
[Black "Timofeev,Arty"]
[Result "1-0"]
[WhiteElo "2646"]
[BlackElo "2637"]
[EventDate "2007.12.18"]

1. c4 e6 2. Nf3 Nf6 3. g3 a6 4. Bg2 b5 5. b3 c5 6. O-O Bb7 7. Nc3 Qb6 8. e3
Be7 9. d4 O-O 10. Qd3 Nc6 11. a3 Rfc8 12. Rb1 b4 13. Na4 Qa5 14. Bd2 d5 15.
cxd5 Nxd5 16. e4 Nf6 17. Nxc5 Bxc5 18. dxc5 Qxc5 19. Rbc1 Qb5 20. Qxb5 axb5
21. e5 Nd5 22. axb4 Ncxb4 23. Rxc8+ Rxc8 24. Nd4 Nd3 25. f4 b4 26. Ra1 g6
27. Ra7 Rb8 28. g4 Nc5 29. f5 gxf5 30. gxf5 Nc3 31. Bxb7 Rxb7 32. Ra8+ Kg7
33. f6+ Kg6 34. Rg8+ Kh5 35. Rg5+ Kh6 36. Rg7+ Kh5 37. Rxh7+ Kg4 38. Kg2
1-0

[Event "60th ch-RUS Superfinal"]
[Site "Moscow RUS"]
[Date "2007.12.24"]
[Round "6"]
[White "Rychagov,A"]
[Black "Sakaev,K"]
[Result "1/2-1/2"]
[WhiteElo "2528"]
[BlackElo "2634"]
[EventDate "2007.12.18"]

1. d4 Nf6 2. c4 e6 3. Nf3 d5 4. Nc3 c6 5. Bg5 h6 6. Bxf6 Qxf6 7. e3 Nd7 8.
Bd3 dxc4 9. Bxc4 g6 10. O-O Bg7 11. e4 e5 12. d5 Nb6 13. Bb3 Bg4 14. h3
Bxf3 15. Qxf3 Qxf3 16. gxf3 h5 17. dxc6 bxc6 18. Rac1 Bh6 19. Rc2 Ke7 20.
Na4 Rhc8 21. Rd1 Rc7 22. Nc5 a5 23. Na4 Nd7 24. Rxd7+ Rxd7 25. Nb6 Rd1+ 26.
Kg2 Rb8 27. Rxc6 Rb1 28. Nc4 Bf4 29. Ra6 h4 30. Rxa5 Rc8 31. Rb5 Kf6 32.
Rb6+ Kg7 33. Rb7 Kf6 34. a4 Rh8 35. a5 Ra1 36. Na3 Rc8 37. Nc4 Rh8 38. Na3
Rc8 39. Nc4 1/2-1/2

[Event "60th ch-RUS Superfinal"]
[Site "Moscow RUS"]
[Date "2007.12.26"]
[Round "7"]
[White "Inarkiev,E"]
[Black "Rychagov,A"]
[Result "1/2-1/2"]
[WhiteElo "2674"]
[BlackElo "2528"]
[EventDate "2007.12.18"]

1. e4 e6 2. d4 d5 3. Nc3 Nf6 4. e5 Nfd7 5. f4 c5 6. Nf3 Nc6 7. Be3 cxd4 8.
Nxd4 Bc5 9. Qd2 O-O 10. O-O-O a6 11. Kb1 Nxd4 12. Bxd4 Qc7 13. Qe3 b5 14.
Bd3 Bxd4 15. Qxd4 Qc5 16. Ne2 b4 17. Rc1 f6 18. exf6 Qxd4 19. Nxd4 Rxf6 20.
Rhe1 Nc5 21. g3 a5 22. Re3 Ba6 23. Bxa6 Rxa6 24. c3 Ne4 25. cxb4 axb4 26.
Re2 g5 27. fxg5 Nxg5 28. Rc6 Rf1+ 29. Kc2 Nf3 30. Rc8+ Kf7 31. Rc7+ Kf6 32.
Nxf3 Rxf3 33. Rxh7 d4 34. Rh6+ Kf7 35. Re4 Rxa2 36. Rxd4 b3+ 37. Kc1 Kg7
38. Rhh4 e5 39. Rd7+ Kg6 40. Rhh7 Kf5 41. Rhf7+ Ke4 42. Rxf3 Kxf3 43. Rd3+
Kf2 44. Rxb3 e4 45. Rb6 e3 46. Rf6+ Ke1 47. Kc2 e2 48. g4 Ra4 49. g5 Rc4+
50. Kb3 Rd4 51. Kc2 Rc4+ 52. Kd3 Kd1 53. Re6 Rc8 54. g6 Rd8+ 55. Kc4 e1=Q
56. Rxe1+ Kxe1 57. h4 Rh8 58. Kd5 Rxh4 59. Ke6 Rg4 60. Kf7 Kd2 61. g7 Kd3
62. g8=Q Rxg8 63. Kxg8 Kc4 64. b4 Kxb4 65. Kf7 1/2-1/2

[Event "60th ch-RUS Superfinal"]
[Site "Moscow RUS"]
[Date "2007.12.27"]
[Round "8"]
[White "Rychagov,A"]
[Black "Timofeev,Arty"]
[Result "0-1"]
[WhiteElo "2528"]
[BlackElo "2637"]
[EventDate "2007.12.18"]

1. d4 Nf6 2. c4 g6 3. Nc3 d5 4. cxd5 Nxd5 5. Bd2 Bg7 6. e4 Nxc3 7. Bxc3 O-O
8. Nf3 Bg4 9. Be2 c5 10. d5 Bxc3+ 11. bxc3 Bxf3 12. Bxf3 Qd6 13. Rb1 b6 14.
O-O Nd7 15. g3 h5 16. Bg2 e5 17. dxe6 Qxe6 18. f4 Rad8 19. Qe2 Nf6 20. Rbd1
Nd5 21. Qd2 Ne7 22. Qxd8 Rxd8 23. Rxd8+ Kg7 24. Rf2 Qc4 25. Rd7 Ng8 26. e5
Nh6 27. Bh3 Qxc3 28. e6 Qe1+ 29. Kg2 Qe4+ 30. Kg1 Qe1+ 31. Kg2 c4 32. exf7
c3 33. Rc7 Ng4 34. Bxg4 hxg4 35. f5 gxf5 36. f8=Q+ Kxf8 37. Rxf5+ Ke8 38.
Rh5 Qe2+ 39. Kg1 Qe1+ 40. Kg2 Qe2+ 41. Kg1 Qd1+ 42. Kg2 Qd4 43. Rhh7 Kd8
44. Rxa7 Qe4+ 45. Kf2 Qxh7 46. Rxh7 c2 47. Rh8+ Kd7 48. Rh7+ Kd6 49. Rh6+
Kd5 50. Rxb6 c1=Q 51. Rb5+ Kc4 52. a4 Qh1 53. Rh5 Kd3 54. Rh7 Qf3+ 55. Kg1
Qe3+ 56. Kf1 Qe2+ 0-1

[Event "60th ch-RUS Superfinal"]
[Site "Moscow RUS"]
[Date "2007.12.28"]
[Round "9"]
[White "Sakaev,K"]
[Black "Svidler,P"]
[Result "1/2-1/2"]
[WhiteElo "2634"]
[BlackElo "2732"]
[EventDate "2007.12.18"]

1. d4 Nf6 2. c4 g6 3. Nf3 Bg7 4. g3 O-O 5. Bg2 c6 6. Nc3 d5 7. Qb3 Qb6 8.
O-O Rd8 9. c5 Qxb3 10. axb3 Na6 11. Bf4 Nd7 12. Rfd1 Re8 13. e4 dxe4 14.
Nxe4 Nb4 15. Bd2 Nd5 16. Nc3 N7f6 17. Ne5 Be6 18. Nc4 Red8 19. Ne2 Ne8 20.
Na5 Rd7 21. Bf3 Rad8 22. Be1 Rb8 23. Nc4 b6 24. Ra3 Rdb7 25. cxb6 axb6 26.
Ne5 Rc7 27. Nc3 Nef6 28. Rda1 h5 29. Ra8 Rbc8 30. Rxc8+ Rxc8 31. Ra7 Ng4
32. Nxc6 Rxc6 33. Bxd5 Bxd5 34. Nxd5 Rc1 35. Rxe7 Bxd4 36. Kg2 Rc2 37. Re8+
Kh7 38. Nb4 Rxb2 39. Nc6 Bg7 40. h3 Nf6 41. Re3 Rc2 42. Nb4 1/2-1/2

[Event "60th ch-RUS Superfinal"]
[Site "Moscow RUS"]
[Date "2007.12.29"]
[Round "10"]
[White "Svidler,P"]
[Black "Timofeev,Arty"]
[Result "1/2-1/2"]
[WhiteElo "2732"]
[BlackElo "2637"]
[EventDate "2007.12.18"]

1. e4 c5 2. Nf3 Nc6 3. Bb5 d6 4. O-O Bd7 5. Re1 Nf6 6. c3 a6 7. Ba4 b5 8.
Bc2 e5 9. a4 Be7 10. h3 O-O 11. d4 cxd4 12. cxd4 Rc8 13. Nc3 exd4 14. Nxd4
Nxd4 15. Qxd4 Qa5 16. b4 Qc7 17. Bb2 Qc4 18. Nd5 Bd8 19. Qxc4 Rxc4 20. Bb3
Rc8 21. a5 Nxd5 22. Bxd5 Bg5 23. Red1 Bc6 24. Bb3 Bxe4 25. Rxd6 Bc6 26. Re1
Rfd8 27. Rxd8+ Rxd8 28. Re5 h6 29. Rc5 Be4 30. Be5 Bd2 31. Bc3 Bf4 32. Be5
Bd2 33. Bc3 Bf4 34. Be5 Bd2 1/2-1/2

[Event "60th ch-RUS Superfinal"]
[Site "Moscow RUS"]
[Date "2007.12.30"]
[Round "11"]
[White "Sakaev,K"]
[Black "Amonatov,F"]
[Result "1-0"]
[WhiteElo "2634"]
[BlackElo "2637"]
[EventDate "2007.12.18"]

1. d4 Nf6 2. c4 g6 3. Nc3 Bg7 4. e4 d6 5. Nf3 O-O 6. Be2 c5 7. O-O Bg4 8.
d5 e6 9. h3 Bxf3 10. Bxf3 exd5 11. exd5 Nbd7 12. Bg5 h6 13. Bd2 Ne8 14. Be2
a6 15. a4 f5 16. f4 Qh4 17. Kh2 Qf6 18. Bd3 Qf7 19. Qc2 h5 20. Rae1 Nc7 21.
Re2 Rae8 22. a5 Qf6 23. b3 Qf7 24. Rfe1 Bd4 25. Qc1 Bg7 26. Rxe8 Rxe8 27.
Rxe8+ Qxe8 28. Qe1 Qxe1 29. Bxe1 Nf6 30. Kg3 Kf7 31. Kf3 Nce8 32. Nd1 Nd7
33. Ne3 Bd4 34. Nd1 Nef6 35. Nc3 Ke7 36. Bc2 Kf7 37. Ke2 Ke7 38. Kd3 Kf7
39. Bd1 Ke7 40. Bf3 Kf7 41. Bh4 Nh7 42. Be1 Nhf6 43. Ne2 Bb2 44. Kc2 Ba3
45. Nc1 Bb4 46. Bxb4 cxb4 47. Nd3 b6 48. Nxb4 bxa5 49. Nxa6 Ne4 50. Nc7
Nec5 51. Nb5 Nb7 52. Nd4 Ndc5 53. Kd2 Kf6 54. Ke3 Na6 55. Bd1 Nac5 56. Nc6
Nd7 57. Kd4 Ndc5 58. Bc2 Na6 59. Kc3 Kf7 60. Bd3 Nac5 61. Bb1 Na6 62. Kb2
Nac5 63. Nd4 1-0

[Event "60th ch-RUS Superfinal"]
[Site "Moscow RUS"]
[Date "2007.12.30"]
[Round "11"]
[White "Vitiugov,N"]
[Black "Rychagov,A"]
[Result "1-0"]
[WhiteElo "2594"]
[BlackElo "2528"]
[EventDate "2007.12.18"]

1. d4 d5 2. c4 e6 3. Nc3 Be7 4. cxd5 exd5 5. Bf4 Nf6 6. e3 Bf5 7. Nf3 c6 8.
h3 Qb6 9. Qc1 O-O 10. g4 Bg6 11. Ne5 Nbd7 12. Nxg6 hxg6 13. Bg2 Ne8 14. g5
Bd6 15. Bxd6 Nxd6 16. Qc2 Qa5 17. h4 Rfe8 18. O-O-O b5 19. Kb1 Nb6 20. h5
b4 21. Ne2 gxh5 22. g6 Nbc4 23. Rxh5 f5 24. Ng3 b3 25. axb3 Rab8 26. Rdh1
Kf8 27. Nxf5 1-0